Children at play : creative games and activities for six-to-nine years olds

Bibliographic Details
Main Author: Martin, Elaine
Format: Book
Published: Australia : Millennium Books , 1992
Subjects:

MARC

LEADER 00000cam a2200000 7i4500
001 0000006485
002 000006997
005 20000330.0
020 |a 0855749067 
090 0 0 |a 649.5   |b MAR 
100 1 |a Martin, Elaine 
245 1 0 |a Children at play :   |b creative games and activities for six-to-nine years olds   |c Elaine Martin 
260 |a Australia :   |b Millennium Books ,   |c 1992 
300 |a 149p. ;   |c 23cm. 
650 0 0 |a Games 
999 |a 038043   |b BUKU   |c PINJAMAN   |e PERPUSTAKAAN KOMUNITI PETALING JAYA